Get the Picture: Wood or Radcliffe Quiz Stats

 Plays Quiz Updated Jul 31, 2019

Score 0/20 Timer 03:00
4 Plays Today
Question Answer Wrong Answers
Harry Potter and the Sorcerer's Stone (2001) Daniel Radcliffe
94.1%
Elijah Wood
2.1%
The Lord of the Rings: The Fellowship of the Ring (2001) Elijah Wood
90.4%
Daniel Radcliffe
5.5%
Deep Impact (1998) Elijah Wood
89.1%
Daniel Radcliffe
6.7%
Flipper (1996) Elijah Wood
89.1%
Daniel Radcliffe
6.7%
The Adventures of Huck Finn (1993) Elijah Wood
88%
Daniel Radcliffe
7.8%
Sin City (2005) Elijah Wood
86.4%
Daniel Radcliffe
9%
Eternal Sunshine of the Spotless Mind (2004) Elijah Wood
86%
Daniel Radcliffe
9.9%
Spy Kids 3-D: Game Over (2003) Elijah Wood
83.6%
Daniel Radcliffe
12.1%
Happy Feet (2006) Elijah Wood
81.7%
Daniel Radcliffe
14.4%
The Woman in Black (2012) Daniel Radcliffe
79.3%
Elijah Wood
16.3%
Victor Frankenstein (2015) Daniel Radcliffe
74.5%
Elijah Wood
21.5%
Horns (2013) Daniel Radcliffe
71.6%
Elijah Wood
24.2%
Swiss Army Man (2016) Daniel Radcliffe
70.9%
Elijah Wood
25.2%
Everything is Illuminated (2005) Elijah Wood
68.3%
Daniel Radcliffe
27.4%
Day Zero (2007) Elijah Wood
67.8%
Daniel Radcliffe
27.3%
Imperium (2016) Daniel Radcliffe
65%
Elijah Wood
30.5%
Now You See Me 2 (2016) Daniel Radcliffe
59.4%
Elijah Wood
36.4%
Trainwreck (2015) Daniel Radcliffe
54.5%
Elijah Wood
41.2%
December Boys (2007) Daniel Radcliffe
44.4%
Elijah Wood
51.3%
The Tailor of Panama (2001) Daniel Radcliffe
28.6%
Elijah Wood
67.1%

Today's Daily Dose

Missing Word
Banned Books (A-Z)

Word Ladder
Janis Joplin

Get the Picture
Occupations

You're not logged in!

Compare scores with friends on all Sporcle quizzes.
OR
Log In

Sporcle TV

Today on Sporcle TV


Watch our educational content, quiz creation guides, and fun videos on Sporcle TV.

Show Comments

Extras

Top Quizzes Today


Score Distribution

Your Account Isn't Verified!

In order to create a playlist on Sporcle, you need to verify the email address you used during registration. Go to your Sporcle Settings to finish the process.

Report this User

Report this user for behavior that violates our Community Guidelines.

Details: